| 000 | 01029cas a2200301 a 4500 | ||
|---|---|---|---|
| 001 | 32385 | ||
| 003 | BD-RjUL | ||
| 005 | 20211209051828.0 | ||
| 008 | 140426d1958 is x m 0 0eng d | ||
| 035 |
_a(OCoLC)ocm01681034 _a(BD-RjUL)32474 |
||
| 040 |
_aMnMULS _beng _cMnMULS _dCtY _dN _dInU _dDLC _dMH _dRPB _dCSt _dOCoLC _dBD-RjUL _dOCoLC |
||
| 041 | _aeng | ||
| 082 |
_a296 _bAKS 1958 |
||
| 100 |
_aAkzin, Benjamin _998528 |
||
| 245 | 0 | 0 |
_aScripta Hierosolymitana : _bpublications of the Hebrew University of Jerusalem / _nVolume V _pStudies in Law |
| 260 |
_aJerusalem : _bMagnes Press, Hebrew University _c1958. |
||
| 300 |
_a[10] 259 p. ; _c24 cm. |
||
| 650 | 0 |
_aHebrew periodicals. _998529 |
|
| 710 | 2 |
_aUniversiá¹ah ha-Ê»Ivrit bi-Yerushalayim. _998530 |
|
| 776 | 0 | 8 |
_iOnline version: _tScripta Hierosolymitana _w(OCoLC)646859263 |
| 942 |
_2ddc _cBK |
||
| 999 |
_c32385 _d32385 |
||